00812nam a2200193 a 450000100060000000300090000600800410001502000150005604000280007108200180009910000390011724500470015626000480020330000110025149000300026250502900029265000180058265000180060014967CO-ViMGA141112s2004 ck r 000 u spa d a9686177396 aCO-ViMGAbspacCO-ViMGA04a150.1952 A7731 aArregui, Martha; Saslavsky, Martha10aEl detective de la mente : bSigmund Freud aBogotá, cColciencias - Alfaomega, c2001 a111.p. aViajeros del conocimiento aRepresión - Sexualidad infantil - Autoerotismo - Fases del desarrollo de la organización sexual - Organización pregenital - Actos fallidos - Psicopatología de la vida cotidiana - Olvido de nombres propios - Interpretación de los sueños - Complejo de Edipo - El inconsciente14aFREUD SIGMUND14aPSICOANALISIS